Общий вид Всероссийской XVI-й выставки в Нижнем Новгороде 1896 года; Описание выставки. План-картина выставки - общий вид (с полета птицы). Краткое описание выставки
| Zusammenfassung: | Составлено в Техническом Бюро инженер-технолога Н. П. Мельникова Текст в русской дореформенной орфографии Дозволено цензурою, Одесса 8 июня 1896 г. |
|---|---|
| Sprache: | Russisch |
| Veröffentlicht: |
Одесса, Типо-Литография А. Соколовского, 1896
|
| Schlagworte: | |
| Format: | Buch |
| KOHA link: | https://koha.lib.tpu.ru/cgi-bin/koha/opac-detail.pl?biblionumber=310736 |
MARC
| LEADER | 00000nam0a2200000 4500 | ||
|---|---|---|---|
| 001 | 310736 | ||
| 005 | 20231102002322.0 | ||
| 035 | |a (RuTPU)RU\TPU\book\336088 | ||
| 090 | |a 310736 | ||
| 100 | |a 20151127d1896 m y0rusy50 ca | ||
| 101 | 0 | |a rus | |
| 102 | |a UA | ||
| 105 | |a af z 000zy | ||
| 200 | 1 | |a Общий вид Всероссийской XVI-й выставки в Нижнем Новгороде 1896 года |a Описание выставки. План-картина выставки - общий вид (с полета птицы). Краткое описание выставки | |
| 210 | |a Одесса |c Типо-Литография А. Соколовского |d 1896 | ||
| 215 | |a 16 с. |c цв. ил. | ||
| 300 | |a Составлено в Техническом Бюро инженер-технолога Н. П. Мельникова | ||
| 300 | |a Текст в русской дореформенной орфографии | ||
| 300 | |a Дозволено цензурою, Одесса 8 июня 1896 г. | ||
| 317 | |5 63413507: 26//418 |a Поступил в НТБ в 1914 г. в дар от первого директора ТТИ профессора Е. Л. Зубашева | ||
| 606 | 1 | |a Выставки торгово-промышленные |2 stltpush |3 (RuTPU)RU\TPU\subj\3982 |9 32304 | |
| 610 | 1 | |a Нижний Новгород | |
| 610 | 1 | |a Россия | |
| 610 | 1 | |a 19 век | |
| 610 | 1 | |a Коллекция Е. Л. Зубашева | |
| 610 | 1 | |a дары библиотеке | |
| 610 | 1 | |a экспонаты | |
| 610 | 1 | |a сельское хозяйство | |
| 610 | 1 | |a инженерные конструкции | |
| 610 | 1 | |a строительные объекты | |
| 610 | 1 | |a судоходные сооружения | |
| 610 | 1 | |a земледелие | |
| 610 | 1 | |a машины | |
| 610 | 1 | |a приборы | |
| 610 | 1 | |a стеклянные изделия | |
| 610 | 1 | |a химические продукты | |
| 610 | 1 | |a винокуренное производство | |
| 610 | 1 | |a садоводство | |
| 610 | 1 | |a пожарное дело | |
| 686 | |a У9(2)212.4 |v LBC/SL-A |2 rubbk | ||
| 801 | 1 | |a RU |b 63413507 |c 20151127 | |
| 801 | 2 | |a RU |b 63413507 |c 20210706 |g RCR | |
| 942 | |c BK | ||